00396 a2200121 450000500170000002000220001708200140003910000170005324500780007026000660014830000430021470000170025720250620081245.0 a978-0-07-058135-7 a657.8 KUL aKULKARNI, S. aSupply Chain Management : Creating Linkage for Faster Business Turnaround aNew DelhibTata McGraw-Hill Publishing Company Limitedc2004. axiv, 357p.: ill.; figuresbIndexc24cm aAshok Sharma